| 000 | 00838nam a22002297a 4500 | ||
|---|---|---|---|
| 003 | OSt | ||
| 005 | 20171127181116.0 | ||
| 008 | 171127e201705 spc|||| |||| 000 0 spa|d | ||
| 017 |
_aDL B 6967-2017 _bBiblioteca de Catalunya |
||
| 020 | _a9788499426099 | ||
| 040 |
_aES-BaUPF _bcat _cCDMR |
||
| 100 | 1 |
_aPampliega, Antonio, _d1982- |
|
| 245 | 1 | 0 |
_aEn la oscuridad _b: diez meses secuestrado por Al Qaeda en Siria / _cAntonio Pampliega |
| 260 |
_aBarcelona : _bEdiciones Península, _c2017 |
||
| 300 |
_a236 pàgines ; _c23 cm |
||
| 500 | _aReimpressions: 2017 | ||
| 600 | 1 | 7 |
_aPampliega, Antonio, _d1982- _2lemac |
| 610 | 2 | 4 | _aQaida (Organització) |
| 650 | 7 |
_aCorresponsals de guerra _zEspanya _xBiografia _2lemac _93678 _vRelats personals |
|
| 651 | 7 |
_aSíria _xHistòria _y2011-, Guerra Civil _xRelats personals espanyols _2lemac |
|
| 942 | _cMON | ||
| 999 |
_c7091 _d7091 |
||